000 01724nam0a2200397 4500
001 RU\NLR\BIBL_A\012059211
005 20190816142816.0
010 _a978-5-907211-09-4
_9500
021 _aRU
_bКН-П-19-046702
_9КН-П-19-3410
035 _a(NLR Aleph) 012059211
035 _a(RuMoRGB)010019241
090 _a11694450
_c11694450
100 _a20190716d2019 u y0rusy50 ca
101 0 _arus
102 _aRU
105 _ac|||zzzz0||zd
200 1 _aЛюбовь по-французски
_eо чем умолчал Дюма
_fНаталия Сотникова
210 _aМосква
_cРодина
_d2019
215 _a318, [1] с., [8] л. цв. портр.
_d21
225 1 _aФаворитки и фавориты
320 _aБиблиогр.: с. 318
517 1 _aО чем умолчал Дюма
600 0 _aЛюдовик
_cкороль французский
_dXIII
_f1601 - 1643
_91559117
_3RU\NLR\AUTH\66681759
604 _1700#1$aДюма$bА.$gАлександр$f1802 - 1870
_1500##$a"Три мушкетера"$2nlr_sh2$3RU\NLR\AUTH\661545143
_aДюма, Александр (1802 - 1870)
_t"Три мушкетера"
_92608585
_3RU\NLR\AUTH\661545143
607 _aФранция
_xИстория
_z17 в.
_91020715
_3RU\NLR\AUTH\6672285
686 1 _aШ5(4Фр)52-4Дюма534
686 1 _aТ3(4Фр)43-8
686 1 _aТ3(4Фр)43,02
700 1 _aСотникова
_bН. Н.
_gНаталия Николаевна
702 1 _4570
_7ca
_8rus
_aДюма
_bА.
_cотец
_f1802-1870
_gАлександр
_9116800
_3RU\NLR\AUTH\776853
942 _cBOOK
980 _aNBR
980 _aNB